=LDR 00000nam 2200000 4500 =001 INLIS000000000048612 =005 20200220095736 =035 ##$$a 0010-111600000000191 =008 200220################g##########0#ind## =020 ##$$a 978-979-29-5005-2 =040 ##$$a NBPDMAT =082 ##$$a 005.369 =090 ##$$a 005.369$bSer s =245 ##$$a Seratus tips dan trik microsoft powerpoint 2013 /$c Tim =260 ##$$a Yogyakarta :$b Andi,$c 2014 =300 ##$$a viii, 246 hlm. : $b ilus. ; $c 23 cm =500 ##$$a Bibliografi : hlm 246 =650 #4$$a Aplikasi Microsoft =850 ##$$a NBPDMAT =084 ##$$a 005.369 SER s =990 ##$$a 21602122 =990 ##$$a 21602123